1569 1497 1848 1562 1448 1237 1114 1796 1851 1007 1099 1630 1193 1969 1703 1895 1003 1183 1189 1987 1477 1116 1790 1317 1048 1756 1945 1137 1729 1593 1529 1704 1880 1384 1633 1706 1594 1701 1734 1024 1342 1931 1165 1424 1173 1326 1504 1235 1918 1452 1990 1660 1980 1968 1379 1496 1772 1006 1493 1832 1448 1368 1188 1335 1222 1657 1945 1796 1678 1637 1755 1778 1558 1463 1215 1718 1453 1615 1689 1749 1738 1122 1722 1605 1681 1456 1374 1962 1018 1984 1720 1897 1787 1815 1462 1387 1968 1882 1428 BCNSPRNW ULIB Ver.6.0+V

เปลี่ยนเป็นภาษาไทย

Change to English
 แสดงรายละเอียดบรรณานุกรม
  กลับหน้าหลัก

Brief Record : Get Marc (ISO 2709) : E-mail record : QR code < ปิดหน้าต่าง
LEADER : 00000nam 2200000uu 4500
001    13399125141
003     ULIB
008    161019s2549||||th 000 0 tha d
020    9742964459
099    ^aวจ.WY18^bศ452ต
100 0  ^aศิริชัย ดาริการ์นนท์
245 00 ^aต้นทุนต่อหน่วยบริการของโรงพยาบาลจิตเวชนครสวรรค์ราชนครินทร์ ปีงบประมาณ 2548/^cศิริชัย ดาริการ์นนท์ ,สนาม บินชัย ,จิรเดช เนตรศิริ และ ราตรี ภู่บุญ
260    ^aครสวรรค์ :^bโรงพยาบาลจิตเวชนครสวรรค์ราชนครินทร์ กรมสุขภาพจิต กระทรวงสาธารณสุข,^c2549
300    ^a76หน้า :^bตาราง
500    ^aรายงานการวิจัย
700 02 ^aสนาม บินชัย
700 02 ^aจิรเดช เนตรศิริ
700 02 ^aราตรี ภู่บุญ
710 1  ^aโรงพยาบาลจิตเวชนครสวรรค์ราชนครินทร์ กรมสุขภาพจิต กระทรวงสาธารณสุข
945    ^p0^l0^i001399
945    ^p0^l0^i001400
995    ^aณรีรัตน์
999 ^a ณรีรัตน์
รายการนี้ยังไม่มีแท็ก
คุณยังไม่ได้ล็อกอิน คุณสามารถมีกิจกรรมร่วมกับเว็บไซต์ได้ แต่ต้องล็อกอินก่อน ::
  ล็อกอิน

รายการสื่อสารสนเทศ

ลำดับที่ ประเภท เลขเรียก/บาร์โค้ด สถานที่ สถานะ
1. งานวิจัย
งานวิจัย
วจ.WY18 ศ452ต ฉ.1 
  Barcode: 001399
ห้องสมุดวิทยาเขตสวรรค์ประชารักษ์
►วิจัย
บนชั้น
2. งานวิจัย
งานวิจัย
วจ.WY18 ศ452ต ฉ.2 
  Barcode: 001400
ห้องสมุดวิทยาเขตสวรรค์ประชารักษ์
►วิจัย
บนชั้น

BibComment


ยังไม่เคยถูกคอมเมนท์

คอมเมนท์ทรัพยากรรายการนี้
  คอมเมนท์: ต้นทุนต่อหน่วยบร..


 Copyright 2026. Bcnsprnw @Library